000 00557nam a2200253Ia 4500
005 20250425162447.0
008 250425s9999 xx 000 0 und d
020 _aSANT
041 _aspa
043 _aec
082 _a336.2
100 _aSANCHEZ CARRION, GILBERTO
245 0 _aLA TABLITA TRIBUTARIA
250 _a1A ED.
260 _aEcuador
_bEDICIONES EDYPE
_c2010
260 _aQUITO
300 _a18
500 _aN.-32 TABLITA
650 _aTABLAS
650 _aTRIBUTACION
710 _aEDYPE
942 _c01
010 _a75577
999 _c229675
_d229675